000 01103nam a22002297a 4500
003 NALT
005 20250107161156.0
008 241029b th ||||| |||| 00| 0 tha d
040 _aNALT
100 0 _aรุ่งทิพย์ ติยานนท์สุขา.
_962783
245 1 0 _aหนังสือมนุษย์ เล่มที่ 31 Digital Signage ป้ายอัจฉริยะในอาคารรัฐสภา /
_cรุ่งทิพย์ ติยานนท์สุขา.
260 _aกรุงเทพฯ :
_bสำนักงานเลขาธิการสภาผู้แทนราษฎร,
_c2567.
306 _a000417
650 4 _aDigital Signage
_965018
650 4 _aป้ายอิเล็กทรอนิกส์
_965019
653 4 _aป้ายอัจฉริยะ
850 _aNALT
856 4 0 _uhttps://library.parliament.go.th/th/taxonomy/term/473
_yVideo Clip
856 4 0 _uhttps://www.youtube.com/watch?v=lJZwte8NPkA
_yView on YouTube
942 _2local
_cHMB
996 _ajamriang.p
_bCATSTF
_c2024-10-29
999 _c106058
_d106058
998 _j1020
_k นางจำเรียง ระวังสำโรง